El deber de seguridad /
Guardado en:
| Autor Principal: | |
|---|---|
| Otros Autores: | |
| Formato: | Libro |
| Idioma: | Undetermined |
| Publicado: |
Santa Fe :
Rubinzal Culzoni,
2007.
|
| Edición: | 1a. ed. |
| Materias: | |
| Etiquetas: |
Agregar Etiqueta
Sin Etiquetas, Sea el primero en etiquetar este registro!
|
| LEADER | 00545nam a22001695a 4500 | ||
|---|---|---|---|
| 001 | DER.der015229 | ||
| 008 | 250624s2007####xx############000#0#und#d | ||
| 005 | 20250624152815.0 | ||
| 245 | 1 | 0 | |a El deber de seguridad / |c Antonio Juan Rinessi ; prólogo de Jorge Mosset Iturraspe. |
| 250 | |a 1a. ed. | ||
| 260 | |a Santa Fe : |b Rubinzal Culzoni, |c 2007. | ||
| 300 | |a 406 p. | ||
| 020 | |a 9789507277894 | ||
| 100 | 1 | |a Rinessi, Antonio Juan. | |
| 700 | 1 | |a Mosset Iturraspe, Jorge. | |
| 650 | 7 | |a DERECHO DE LAS OBLIGACIONES | |
| 859 | |a DERECHO |b BIB. DERECHO |h 346 |i RIN |p 0010614 | ||
